000 00726nam a22002057a 4500
999 _c13703
_d13703
003 AR-CdUCM
008 190416b ||||| |||| 00| 0 spa d
040 _aMUNICIPALIDAD PROVINCIAL DEL CUSCO
_cBIBLIOTECA MUNICIPAL DEL CUSCO
082 _aC / 347.3 /
_bM81
100 _aMoscoso Sanchez, Angel
_932202
245 _aEl contrato de locación conducción en el derecho contemporáneo /
260 _aCusco :
_bGarcilaso,
_c1975.
300 _a10 páginas ;
_c22 cm.
505 _aContenido: El contrato de locación conducción en el derecho contemporáneo.
650 _aDerecho
_9739
650 _aContrato de locación
_932203
650 _aFenómeno social
_932204
942 _2ddc
_cFOLLETOS
945 _aacv
_d2019-04-16